00968nam a2200181Ia 450000500170000000800410001702000150005805000210007310000270009424500410012126000330016230000350019533600100023033700140024033800120025450504960026665000240076220231102151245.0120720s1994 mx a 000 0 spa d a9681840143 aND1488bI88 199410aItten, Johanneseautor13aEl arte del Colorc / Johannes Itten aMéxicob : Noriegac, 1994 a95 páginasb : ilustraciones atexto asin medio avolumen aLos colores en física Realidad de los colores y efecto coloreado La armonía de los colores Las concordancias subjetivas de colores Enseñanza de la construcción de los colores El circulo cromático en doce zonas Los siete contrastes de colores Las mezclas de colores La esfera de los colores Estudio de las concordancias de colores Forma y color Efecto especial de los colores Enseñanza de la impresión de los colores Enseñanza de la expresión de los colores La composición14aESTÉTICAxPINTURA